[Event "Hoogovens"]
[Site "Wijk aan Zee"]
[Date "1998.01.25"]
[Round "8"]
[White "Van der Sterren, Paul"]
[Black "Topalov, Veselin"]
[Result "1/2-1/2"]
[WhiteElo "2550"]
[BlackElo "2740"]
[Annotator "Stohl,I"]
[PlyCount "62"]
[EventDate "1998.01.16"]
[EventType "tourn"]
[EventRounds "13"]
[EventCountry "NED"]
[EventCategory "17"]
[SourceTitle "CBM 063"]
[Source "ChessBase"]
[SourceDate "1998.03.26"]
[SourceVersion "1"]
[SourceVersionDate "1998.03.26"]
[SourceQuality "1"]

1. d4 Nf6 2. c4 c5 3. d5 b5 4. cxb5 a6 5. bxa6 g6 6. Nc3 Bxa6 7. e4 Bxf1 8.
Kxf1 d6 9. g3 Bg7 10. Kg2 Nbd7 11. Nf3 O-O 12. Re1 Qa5 (12... Ng4 13. Nd2 Nge5
14. Qe2 Nb6 15. f4 Ned7 16. a4 Ra7 17. a5 Na8 18. Nc4 Nc7 19. Bd2 Qa8 20. Qf3
Rb8 21. Ra4 Nb5 22. Nxb5 Rxb5 23. Bc3 Nb6 24. Nxb6 Rxb6 25. e5 Rb3 26. Re2 dxe5
27. fxe5 Rd7 28. Rf4 Qxd5 29. Rxf7 $1 $16 {Rustemov,A-Gladischev,O/St.
Petersburg Petrov 1998/1-0 (34)}) 13. e5 $5 {This move, previously considered
too committing (קd5) became popular after Dautov successfully used it against
Kir. Georgiev. Topalov shows, how Black can retain typical Volga gambit
counterlpay and keep the position balanced. It seems White should look for
other ways to gain an advantage.} (13. Bf4 Ng4 14. Re2 (14. h3 Nge5 15. Nxe5
Nxe5 16. Rc1 Nc4 17. Qe2 Qb4 18. a3 Qb3 19. Nd1 Ra4 20. Qc2 Rb8 21. Qxb3 Rxb3
22. Re2 h6 23. h4 Kh7 24. Rcc2 Bf6 25. Bc1 Bd4 26. Nc3 Ra5 27. Nd1 Ra4 $44 {
1/2,Van der Sterren,P-Van Wely,L/NLD-chT f Panfox-HSG 1997}) 14... Rfb8 15. Rc1
Qa6 16. Rcc2 Rb4 17. h3 Nge5 18. Nxe5 Nxe5 19. Bxe5 Bxe5 20. b3 c4 21. Nb1 cxb3
22. axb3 Qb5 23. Re3 Bd4 24. Rf3 Bf6 25. Nd2 Rd4 26. Rc4 Ra2 $132 {Kaidanov,
G-Wang Zili/Jerevan olm 1996/1/2 (33)}) (13. Bg5 Rfb8 (13... h6 14. Bd2 Ng4 15.
a4 Qb4 16. Ra2 Rfb8 17. Nb5 Qc4 18. b3 Qd3 19. Qc2 Nge5 20. Nxe5 Nxe5 21. Re3
Qxc2 22. Rxc2 c4 23. f4 Ng4 24. Rxc4 Nxe3+ 25. Bxe3 $14 {Brezeanu,C-Horvath,A/
EU-chJ U14 Herculane 1994/1-0 (44)}) 14. Re2 h6 15. Bxf6 Bxf6 16. Rc1 Ra7 17.
Qd3 Qb4 18. Rcc2 h5 19. h3 Bg7 20. b3 Nb6 21. Nb5 Ra5 22. a4 c4 23. bxc4 Rxa4
24. Nfd4 Nxc4 25. Nc6 Ne5 $1 $11 {Danner,G-Groetz,H/Vienna Schlechter op 1996/
1/2 (77)}) (13. Bd2 Rfb8 14. Qc2 Ng4 15. a4 (15. h3 Nge5 16. Nxe5 Nxe5 17. Ne2
Qb5 18. Bc3 Qd3 19. Qxd3 Nxd3 20. Reb1 Ra4 21. Bxg7 Kxg7 22. b3 Rxe4 23. Nc3
Rd4 24. Rd1 Nb4 $17 {Acosta,T-Hoffman,A/Salta Clarin op 1995/0-1 (38)}) 15...
Qb4 16. h3 Nge5 17. Nxe5 Nxe5 18. Nb5 Qc4 19. Bc3 Qd3 20. Qd1 c4 21. Nc7 Ra7
22. Nb5 Raa8 23. Nd4 Qxd1 24. Rexd1 Nd3 25. a5 Nc5 26. Nc6 Rb7 27. e5 Bxe5 28.
Nxe5 dxe5 29. Bxe5 f6 30. Bc3 Ra6 31. Ra3 Ne4 $132 {Sadler,M-Hoffman,A/Buenos
Aires Najdorf 1995/1/2 (42)}) (13. Qe2 $5 Qa6 14. e5 Ng4 15. exd6 exd6 16. Bf4
Rfb8 17. Rad1 Nge5 18. Nxe5 Nxe5 19. Qxa6 Rxa6 20. Re2 c4 21. Rd4 Rab6 22. Nd1
Ra8 23. a3 Rc8 24. Rc2 Rc5 25. Kf1 Kf8 26. h3 h6 27. Ne3 g5 28. Bxe5 Bxe5 29.
Rdxc4 Bxb2 30. Rxc5 dxc5 31. Nc4 {1-0,Witt,R-Roobol,M/NLD-chT 1995}) (13. Re2
Rfb8 14. h3 Rb4 15. Rb1 Qa6 16. Bd2 Ne8 17. Be1 Rd4 18. Qc2 Rd3 19. Nd1 c4 20.
Ne3 Qxa2 21. Rc1 Rc8 22. b3 Qxb3 23. Qxb3 Rxb3 24. Rxc4 Rxc4 25. Nxc4 Nc5 26.
Na5 Rb2 27. Rxb2 {1/2,Schmidt,W-Staniszewski,P/POL-ch 1987}) 13... Ng4 14. exd6
exd6 15. Bf4 (15. Re4 $146 Nge5 16. Nxe5 Nxe5 17. Bg5 Rfb8 18. Ra4 Qb6 19. Rxa8
Rxa8 20. Qe2 Qa6 21. Nb5 Rb8 22. a4 c4 $36 {Bosboom,M-Van der Weide,K/NLD-ch
sf Enschede 1998/0-1 (40)}) (15. Ne4 Qa6 16. Qe2 Nge5 17. Nxe5 Nxe5 18. Qxa6
Rxa6 19. Re2 Nd3 20. Nc3 Rb8 21. Kf1 h5 22. Rc2 Rab6 23. a4 Ra6 24. Ke2 Nxc1+
25. Raxc1 Bxc3 26. bxc3 Rxa4 $15 {Gebhardt,U-Gallo,J/OLO-B 1993/0-1 (37)})
15... Rfb8 $1 (15... Nge5 $143 16. Nxe5 Nxe5 17. Rc1 Qa6 18. Bxe5 Bxe5 19. Rc2
(19. Re2 Rab8 20. Qa4 Qxa4 21. Nxa4 Rb4 $2 22. Nxc5 Bxb2 23. Rb1 dxc5 24. Rbxb2
Ra4 25. Rbc2 c4 26. Re4 Rd8 27. Rexc4 Rxc4 28. Rxc4 Rxd5 29. Rc2 h5 30. a4 $18
{_|_R,Varga,P-Krutti,V/Cseppko op 1997/1-0 (48)}) 19... Bg7 20. Qf3 Ra7 21. b3
Rb7 22. Ne4 Qa5 23. Ree2 Qd8 24. Nd2 h5 25. Nc4 h4 26. Qf4 hxg3 27. hxg3 Rd7
28. Rcd2 Bf6 29. Rd1 Kg7 30. Rh1 Bg5 31. Qg4 Rh8 32. Rxh8 Kxh8 33. a4 $16 {
/+-,Dautov,R-Georgiev,K/Altensteig 1995/1-0 (52) This game clearly shows
White's strategy-to stabilize the << and gradually simplify the position.}) 16.
Re2 Qa6 (16... Bxc3 $143 17. bxc3 Qxc3 18. Rc1 Qf6 19. Ng5 Qf5 20. Ne4 Ngf6 21.
Nxd6 Qxd5+ 22. Qxd5 Nxd5 23. Bh6 f6 24. Rd2 N5b6 25. Be3 Ra5 26. Ne4 c4 27.
Bxb6 Nxb6 28. Nxf6+ Kg7 29. Ne4 Re8 30. Nc3 $14 {Yakovich,Y-Solozhenkin,E/
RUS-ch Elista 1996/1/2 (48)}) (16... Nge5 17. Nxe5 Nxe5 18. Rc1 c4 (18... Qa6
$142 $44 {-16...Qa6}) 19. Bxe5 Bxe5 20. Rd2 Bxc3 21. bxc3 Rb5 22. Qf3 Re8 23.
Re2 Rxe2 24. Qxe2 Rxd5 25. Qxc4 Rd2 26. a4 Qa8+ 27. Kg1 Qf3 28. Qf1 h5 29. a5
Ra2 30. Ra1 Rxa1 31. Qxa1 h4 32. a6 h3 33. Qf1 Qa8 34. Qxh3 Qxa6 35. Qf1 $14 {
Gyimesi,Z-Gershon,A/Zagan-WchJ 1997/1-0 (56)}) 17. Rc1 Nge5 18. Nxe5 Nxe5 19.
Bxe5 Bxe5 20. b3 $146 {This enables Black to liquidate the << quickly and
release the tension. But other moves also give him sufficient counterplay.} (
20. Rcc2 Rb4 $1 21. Qd2 $6 (21. Qc1 $10) (21. b3 Bxc3 22. Rxc3 Rd4 23. Rd2 Rxd2
24. Qxd2 Qxa2 25. Qf4 {1/2,Karolyi,T-Vajda,L/Balatonbereny IM-A 1996}) 21...
Rd4 22. Qg5 Kg7 23. Qc1 Rd3 $44 {Rogozenko,D-Vajda,L/Bucuresti 1996}) (20. Rd2
$5 Rb4 21. Qf3 $13) (20. Rec2 Bxc3 $5 21. bxc3 Qc4 $44) 20... Rb4 21. Rd2 (21.
Ne4 Rd4 22. Qc2 Rxd5 $15) (21. Na4 c4 $44) 21... c4 {Topalov has handled the
position in a model fashion, an accurate move order his given him good piece
play, sufficient to avoid the squeeze Black suffered in Dautov-Kir.Georgiev.}
22. Ne2 (22. bxc4 Rxc4 23. Ne2 Ra4 (23... Kg7 $5 $44 {-22.Ne2}) (23... Rxc1 24.
Qxc1 $5 $14 (24. Nxc1 Qb5 25. Nb3 Bf6 $44)) 24. Rcc2 Qa5 $132) 22... Kg7 23.
bxc4 Rxc4 24. Rxc4 Qxc4 25. Qc2 (25. Qb3 $5 Qxb3 (25... Qe4+ 26. f3 $14) 26.
axb3 Ra3 27. f4 (27. Rd3 Ra2 $132) 27... Bf6 28. Rd3 Ra2 29. Kf3 h5 $44 {
Despite the extra pawn in an endgame White can hardly make any progress.})
25... Qb4 26. Ng1 Ra3 $44 27. Nf3 Bf6 28. Rd3 {Otherwise White can't unblock
his passed pawn, but this leads to an immediate draw.} Qe4 $1 $11 29. Rc3 $8
Qxc2 30. Rxc2 Ra5 31. Rd2 Bc3 {White can't avoid repetition or losing a pawn.}
(31... Bc3 32. Rd3 (32. Rc2 Bf6 $11) 32... Bb2 33. Nd2 (33. Rd2 Bc3 $11) 33...
Rxa2 34. Nc4 Be5 $11) 1/2-1/2

[Event "Hoogovens"]
[Site "Wijk aan Zee"]
[Date "1998.01.29"]
[Round "11"]
[White "Topalov, Veselin"]
[Black "Nijboer, Friso"]
[Result "1/2-1/2"]
[WhiteElo "2740"]
[BlackElo "2580"]
[Annotator "Huzman,A"]
[PlyCount "86"]
[EventDate "1998.01.16"]
[EventType "tourn"]
[EventRounds "13"]
[EventCountry "NED"]
[EventCategory "17"]
[SourceTitle "CBM 063"]
[Source "ChessBase"]
[SourceDate "1998.03.26"]
[SourceVersion "1"]
[SourceVersionDate "1998.03.26"]
[SourceQuality "1"]

1. d4 Nf6 2. c4 g6 3. Nc3 Bg7 4. e4 d6 5. Be2 O-O 6. Nf3 e5 7. O-O Nc6 8. d5
Ne7 9. b4 Nh5 10. Re1 Nf4 11. Bf1 a5 12. bxa5 Rxa5 13. a4 (13. Nd2 f5 14. a4
Kh8 15. g3 Nh5 16. Nb3 Ra8 17. a5 f4 18. Ra2 Ng8 19. c5 Ngf6 20. cxd6 cxd6 21.
Na4 fxg3 22. fxg3 Bg4 23. Qd3 Ng8 24. Nb6 Rb8 25. Bg2 $16 {1-0 Lobron,E-Ahn,M/
Eupen op 1996 (37)}) 13... c5 14. Ra3 (14. Rb1 h6 15. Nd2 Ra6 16. Nb3 g5 17. a5
f5 18. g3 Nfg6 19. exf5 Nxf5 20. Bd3 e4 21. Nxe4 Ne5 22. f4 gxf4 23. Bxf4 Nh4
$44 {Sokolov,I-Glek,I/Hoogovens 1997/CBM 57/[Huzman]/1/2-1/2 (40)}) (14. Qb3 f5
15. Bxf4 fxe4 16. Bxe5 exf3 17. Bxg7 Kxg7 18. g3 $14 {1-0 Prudnikova,S-Ershova,
S/RUS-chW 1997 (38)}) 14... h6 (14... Ra6 15. Nb5 Bd7 16. Nd2 Nh5 17. g3 Nf6
18. Bb2 Nc8 19. Qc2 Bh6 20. Nf3 Ne8 21. Nh4 Ng7 22. Bd3 Bh3 $13 {1-0 Gofshtein,
L-David,A/Czerniak mem Bikurei Haitim 1997 (41)}) 15. Nd2 Ra6 16. Nb5 Bd7 (
16... g5 17. g3 Nfg6 18. Be2 f5 19. exf5 Nxf5 20. Bh5 Nge7 21. Bg4 e4 (21...
Bd7 22. Ne4 Kh8 23. Bb2 $14 {1-0 Savchenko,S-Arakhamia,K/WchT 4th 1997 (37)})
22. Rxe4 Ng6 23. Nf3 Ne5 24. Nxe5 Bxe5 25. f4 Bg7 26. fxg5 hxg5 27. Rf3 $16 {
1-0 Krasenkow,M-Fedorov,A/Mikenas mem op 1997 (34)}) 17. g3 Nh5 18. Bb2 Be8 $5
{This move is the beginning of a very interesting plan,the idea of which is:1)
moving Nh5-f6-d7 to just freed square,where it controls the square e5;2)moving
Be8-g6 after the moves f5 and g5.} 19. Be2 Nf6 {[%cal Yf6d7,Yd7e5]} 20. f4 Nd7
21. Qa1 f5 $132 22. Kh1 (22. Nxd6 $5 Rxd6 23. fxe5 Rb6 {[%cal Yb6b2]} 24. Bc3
Qb8 (24... f4 25. e6 $44) 25. e6 Ne5 $15) 22... g5 $1 {[%cal Ye8g6]} 23. Rf1 (
23. fxg5 $5 hxg5 24. exf5 Nxf5 25. Ne4 Bg6 $132) 23... Bg6 24. Bd3 (24. fxg5
fxe4 25. Rxf8+ Bxf8 $36) 24... g4 (24... Rf7 $2 25. fxg5 hxg5 26. exf5 Nxf5 (
26... Bxf5 27. Bxf5 (27. Ne4 $16) 27... Rxf5 (27... Nxf5 28. Raf3 $16) 28. Ne4
$16) 27. Qb1 Qf8 28. Nc7 $16) 25. exf5 Nxf5 26. Qb1 {[%cal Gb1f5,Gf1f5]} exf4
27. Bxg7 Kxg7 28. Rxf4 Ne5 $1 29. Bxf5 (29. Rxf5 Bxf5 30. Bxf5 Qg5 31. Nc7 Qxf5
32. Ne6+ (32. Qxf5 Rxf5 33. Nxa6 Rf2 $1 (33... bxa6 34. Kg2 $14) 34. Nxc5 (34.
Ne4 Re2 35. Naxc5 Nf3 $19) 34... Rxd2 35. Ne4 Re2 36. Nc3 Rc2 $17 {[%cal Ye5f3]
}) (32. Qxb7 Rf7 33. Qxa6 Qf2 $11) 32... Kg8 33. Qxb7 Rf7 34. Qxa6 Qf2 35. Ra1
Qxd2 (35... Nf3 $11) 36. Qc8+ Kh7 37. Nf8+ $11) 29... Rxf5 $1 30. Rxf5 Qd7 31.
Re3 $1 {[%cal Ge3e5]} Qxf5 (31... Bxf5 32. Qa1 $1 {[%cal Gb5d6]} Kf6 33. Ne4+ (
33. Qf1 $5) 33... Bxe4+ 34. Rxe4 $16) 32. Qxf5 Bxf5 33. Nxd6 Rxd6 34. Rxe5 Kf6
35. Re8 (35. Re3 Ra6 36. Ra3 b6 $132 {[%cal Yf5d7]}) 35... Ra6 36. Ne4+ Bxe4+
37. Rxe4 h5 $11 38. h3 gxh3 $1 (38... Kf5 39. Rf4+ Kg5 40. h4+ Kg6 41. Rf1 Rxa4
42. d6 Ra8 43. Rd1 Kf6 (43... Rd8 44. Rd5 b6 45. Kg2 $16) 44. Rd5 Ke6 45. Rxc5
Kxd6 46. Rxh5 $16) 39. Kh2 Rxa4 40. Kxh3 Kf5 41. Rh4 Kg5 42. Rf4 (42. Kg2 Ra2+
43. Kf3 Ra3+ 44. Kf2 Ra2+ 45. Ke3 Ra3+ $11) 42... Rb4 43. Re4 Kf5 1/2-1/2

[Event "Hoogovens Blitz"]
[Site "Wijk aan Zee"]
[Date "1998.01.19"]
[Round "7"]
[White "Karpov, Anatoly"]
[Black "Topalov, Veselin"]
[Result "1-0"]
[WhiteElo "2735"]
[BlackElo "2740"]
[PlyCount "39"]
[EventDate "1998.01.19"]
[EventType "tourn (blitz)"]
[EventRounds "11"]
[EventCountry "NED"]
[EventCategory "17"]
[SourceTitle "CBM 062 Extra"]
[Source "ChessBase"]
[SourceDate "1998.03.09"]
[SourceVersion "1"]
[SourceVersionDate "1998.03.09"]
[SourceQuality "1"]

1. Nf3 f5 2. d4 Nf6 3. Bg5 e6 4. Nbd2 Be7 5. Bxf6 Bxf6 6. e4 O-O 7. Bd3 g6 8.
Qe2 Bg7 9. c3 Nc6 10. O-O-O d5 11. e5 b6 12. h4 h6 13. Rdg1 Ne7 14. g4 f4 15.
h5 g5 16. Nxg5 hxg5 17. h6 Bh8 18. Nf3 c5 19. Nxg5 cxd4 20. Bh7# 1-0

[Event "Hoogovens Blitz"]
[Site "Wijk aan Zee"]
[Date "1998.01.19"]
[Round "8"]
[White "Van Wely, Loek"]
[Black "Topalov, Veselin"]
[Result "0-1"]
[WhiteElo "2605"]
[BlackElo "2740"]
[PlyCount "92"]
[EventDate "1998.01.19"]
[EventType "tourn (blitz)"]
[EventRounds "11"]
[EventCountry "NED"]
[EventCategory "17"]
[SourceTitle "CBM 062 Extra"]
[Source "ChessBase"]
[SourceDate "1998.03.09"]
[SourceVersion "1"]
[SourceVersionDate "1998.03.09"]
[SourceQuality "1"]

1. d4 Nf6 2. c4 e6 3. Nc3 Bb4 4. Qc2 c5 5. dxc5 Bxc5 6. Nf3 Qb6 7. e3 Qc7 8.
Be2 b6 9. a3 a6 10. O-O Bb7 11. b4 Be7 12. Bb2 d6 13. Rac1 Nbd7 14. Rfd1 Rc8
15. Qb3 O-O 16. h3 Qb8 17. Rd2 Rc7 18. Rcd1 Rfc8 19. Ba1 Bxf3 20. gxf3 Ne5 21.
Rd4 Qa8 22. Kg2 Ng6 23. Ne4 Nxe4 24. Rxe4 Qb7 25. Kh2 b5 26. cxb5 axb5 27. Rg1
Rc2 28. Qd3 d5 29. Reg4 Bf8 30. R1g2 Qc7+ 31. f4 Ra2 32. Bd4 e5 33. fxe5 Nxe5
34. Bxe5 Qxe5+ 35. f4 Qf6 36. Qxd5 Rxa3 37. Bxb5 Rxe3 38. Bc4 Rd8 39. Qh5 Rd4
40. Ba2 h6 41. b5 Rdd3 42. R2g3 Rxg3 43. Rxg3 Rd2+ 44. Rg2 Qxf4+ 45. Kg1 Bc5+
46. Qxc5 Rd1# 0-1

[Event "Linares 15th"]
[Site "Linares"]
[Date "1998.02.26"]
[Round "5"]
[White "Kasparov, Garry"]
[Black "Topalov, Veselin"]
[Result "1/2-1/2"]
[WhiteElo "2825"]
[BlackElo "2740"]
[Annotator "ChessBase"]
[PlyCount "43"]
[EventDate "1998.02.22"]
[EventType "tourn"]
[EventRounds "12"]
[EventCountry "ESP"]
[EventCategory "21"]
[SourceTitle "CBM 064"]
[Source "ChessBase"]
[SourceDate "1998.06.02"]
[SourceVersion "1"]
[SourceVersionDate "1998.06.02"]
[SourceQuality "1"]

1. e4 c5 2. Nf3 d6 3. d4 cxd4 4. Nxd4 Nf6 5. Nc3 a6 6. g3 e5 7. Nde2 Nbd7 8. a4
b6 9. Bg2 Bb7 10. h3 Be7 11. g4 Nc5 12. Ng3 g6 13. Bh6 (13. O-O O-O 14. Re1 Re8
15. Be3 Rc8 16. Qd2 Bf8 17. Rad1 Qc7 18. Bg5 Nfd7 19. Bh6 Be7 20. Re3 Nf8 21.
Nce2 Nfe6 22. f4 exf4 23. Nxf4 Nxf4 24. Bxf4 Rcd8 25. Re2 Ne6 26. Be3 Bf6 {
1/2-1/2 Wolf,V-Gerbert,P/BL8081 1981/BL 80}) (13. g5 Nfd7 14. h4 Ne6 (14... f5
$5) 15. Nd5 Bxd5 16. Qxd5 Nd4 17. Kd1 b5 18. a5 Rc8 19. c3 Rc5 20. Qa2 Nc6 21.
Bd2 Ncb8 22. b4 $14 {1-0 Matulovic,M-Palac,M/EUCup f 1996/CBM 56 (43)}) 13...
Ne6 14. Qd2 Rc8 15. O-O-O $5 (15. O-O $5 {normal}) 15... Rc4 16. Kb1 Qc7 (16...
g5 $2 17. Nf5 Nxe4 18. Nxe4 Bxe4 19. Bxe4 Rxe4 20. Qd5 Rxa4 21. Qc6+ Qd7 22.
Qa8+ Nd8 23. Bg7 Rg8 24. Bxe5 $40) 17. Rhe1 Rd4 18. Qc1 Rb4 19. Bd2 Rd4 20. Bh6
Rb4 21. Bd2 Rd4 22. Bh6 1/2-1/2